U.S. Presidents (Official Names) - Sudden Death - Statistics

General Stats
  • This quiz has been taken 7,198 times
    727 since last reset
  • The average score is 33 of 45
Answers on the Grid
Answers color-coded by a green-red scale on the quiz's grid according to % correct below.
John Adams
John Quincy Adams
Samuel Adams
Chester A. Arthur
Josiah Bartlet
Joseph R. Biden Jr.
James Buchanan
Aaron
Burr
George H.W. Bush
George W. Bush
Jimmy Carter
Grover Cleveland
William J.
Clinton
Calvin Coolidge
Jefferson F. Davis
Thomas Dewey
Stephen Douglas
Dwight D. Eisenhower
Millard Fillmore
Gerald R. Ford
Benjamin Franklin
James A. Garfield
Ulysses S. Grant
Alexander Hamilton
John Hancock
Warren G. Harding
Benjamin Harrison
George Harrison
William Henry Harrison
Rutherford B. Hayes
Patrick Henry
Oliver Wendell Holmes Jr.
Herbert Hoover
John Jay
Andrew Jackson
Thomas Jefferson
Andrew Johnson
Lyndon B. Johnson
John F. Kennedy
Robert F. Kennedy
John
Kerry
Robert E. Lee
Abraham Lincoln
James Madison
John Marshall
Thurgood Marshall
George Mason IV
John McCain
William McKinley
James Monroe
James Morrison
Richard M. Nixon
Barack Obama
Sandra Day O’Connor
Thomas Paine
William Penn
Wilson Phillips
Franklin Pierce
James K.
Polk
Ronald Reagan
Eleanor Roosevelt
Franklin D. Roosevelt
Theodore Roosevelt
Dwight Schrute
Jimmy Stewart
William Howard
Taft
James
Taylor
Zachary Taylor
Johnathan Taylor Thomas
Harry S. Truman
Donald J. Trump
John
Tyler
Martin Van Buren
George Washington
Woodrow Wilson
 
Answer Stats
Answer % Correct
George W. Bush
92%
George H.W. Bush
89%
Jimmy Carter
88%
Dwight D. Eisenhower
87%
John Quincy Adams
85%
Gerald R. Ford
83%
John Adams
82%
John F. Kennedy
82%
Grover Cleveland
81%
Abraham Lincoln
79%
Joseph R. Biden Jr.
79%
Barack Obama
78%
Franklin D. Roosevelt
78%
Ulysses S. Grant
78%
Donald J. Trump
77%
George Washington
77%
Ronald Reagan
77%
Thomas Jefferson
77%
Herbert Hoover
76%
Richard M. Nixon
76%
Calvin Coolidge
75%
James A. Garfield
75%
Lyndon B. Johnson
75%
Theodore Roosevelt
74%
William J.
Clinton
74%
Harry S. Truman
73%
Andrew Jackson
72%
James Buchanan
72%
Woodrow Wilson
70%
James Madison
69%
James Monroe
69%
Rutherford B. Hayes
69%
Warren G. Harding
66%
William Howard
Taft
66%
William McKinley
66%
James K.
Polk
64%
Andrew Johnson
63%
Chester A. Arthur
63%
Martin Van Buren
63%
Millard Fillmore
63%
William Henry Harrison
61%
Zachary Taylor
61%
Benjamin Harrison
60%
Franklin Pierce
57%
John
Tyler
56%
No matching quizzes found
Score Distribution
Percent of People with Each Score
Percentile by Number Answered
Your Score History
You have not taken this quiz since the last reset